| 000 | 00362 a2200157 4500 | ||
|---|---|---|---|
| 001 | 69255 | ||
| 020 | _a8573981172 | ||
| 040 | _cAnchieta - Itaigara | ||
| 100 | _aDuarte, Madalena Parisi | ||
| 240 | 1 | 0 |
_aAs viagens de Tom Sawyer _lpor |
| 245 | 1 | 0 | _aAs viagens de Tom Sawyer |
| 300 | _a32 | ||
| 362 | 0 | _a0 | |
| 650 | 4 | _aLiteratura infanto-juvenil | |
| 942 | _cBK | ||
| 999 |
_c69255 _d69255 |
||